|
|
|
|
| LEADER |
03255nam a2200625 4500 |
| 001 |
978-3-319-75160-3 |
| 003 |
DE-He213 |
| 005 |
20191027121953.0 |
| 007 |
cr nn 008mamaa |
| 008 |
180203s2018 gw | s |||| 0|eng d |
| 020 |
|
|
|a 9783319751603
|9 978-3-319-75160-3
|
| 024 |
7 |
|
|a 10.1007/978-3-319-75160-3
|2 doi
|
| 040 |
|
|
|d GrThAP
|
| 050 |
|
4 |
|a QA76.9.A25
|
| 072 |
|
7 |
|a UR
|2 bicssc
|
| 072 |
|
7 |
|a COM053000
|2 bisacsh
|
| 072 |
|
7 |
|a UR
|2 thema
|
| 072 |
|
7 |
|a UTN
|2 thema
|
| 082 |
0 |
4 |
|a 005.8
|2 23
|
| 245 |
1 |
0 |
|a Information Security and Cryptology
|h [electronic resource] :
|b 13th International Conference, Inscrypt 2017, Xi'an, China, November 3-5, 2017, Revised Selected Papers /
|c edited by Xiaofeng Chen, Dongdai Lin, Moti Yung.
|
| 250 |
|
|
|a 1st ed. 2018.
|
| 264 |
|
1 |
|a Cham :
|b Springer International Publishing :
|b Imprint: Springer,
|c 2018.
|
| 300 |
|
|
|a XXI, 530 p. 84 illus.
|b online resource.
|
| 336 |
|
|
|a text
|b txt
|2 rdacontent
|
| 337 |
|
|
|a computer
|b c
|2 rdamedia
|
| 338 |
|
|
|a online resource
|b cr
|2 rdacarrier
|
| 347 |
|
|
|a text file
|b PDF
|2 rda
|
| 490 |
1 |
|
|a Security and Cryptology ;
|v 10726
|
| 520 |
|
|
|a This book constitutes the thoroughly refereed post-conference proceedings of the 13th International Conference on Information Security and Cryptology, Inscrypt 2017, held in Xi'an, China, in November 2017. The 27 revised full papers presented together with 5 keynote speeches were carefully reviewed and selected from 80 submissions. The papers are organized in the following topical sections: cryptographic protocols and algorithms; digital signatures; encryption; cryptanalysis and attack; and applications.
|
| 650 |
|
0 |
|a Computer security.
|
| 650 |
|
0 |
|a Data encryption (Computer science).
|
| 650 |
|
0 |
|a Coding theory.
|
| 650 |
|
0 |
|a Information theory.
|
| 650 |
|
0 |
|a Computers and civilization.
|
| 650 |
|
0 |
|a Computers.
|
| 650 |
|
0 |
|a Law and legislation.
|
| 650 |
|
0 |
|a Data mining.
|
| 650 |
1 |
4 |
|a Systems and Data Security.
|0 http://scigraph.springernature.com/things/product-market-codes/I28060
|
| 650 |
2 |
4 |
|a Cryptology.
|0 http://scigraph.springernature.com/things/product-market-codes/I28020
|
| 650 |
2 |
4 |
|a Coding and Information Theory.
|0 http://scigraph.springernature.com/things/product-market-codes/I15041
|
| 650 |
2 |
4 |
|a Computers and Society.
|0 http://scigraph.springernature.com/things/product-market-codes/I24040
|
| 650 |
2 |
4 |
|a Legal Aspects of Computing.
|0 http://scigraph.springernature.com/things/product-market-codes/I24059
|
| 650 |
2 |
4 |
|a Data Mining and Knowledge Discovery.
|0 http://scigraph.springernature.com/things/product-market-codes/I18030
|
| 700 |
1 |
|
|a Chen, Xiaofeng.
|e editor.
|4 edt
|4 http://id.loc.gov/vocabulary/relators/edt
|
| 700 |
1 |
|
|a Lin, Dongdai.
|e editor.
|4 edt
|4 http://id.loc.gov/vocabulary/relators/edt
|
| 700 |
1 |
|
|a Yung, Moti.
|e editor.
|4 edt
|4 http://id.loc.gov/vocabulary/relators/edt
|
| 710 |
2 |
|
|a SpringerLink (Online service)
|
| 773 |
0 |
|
|t Springer eBooks
|
| 776 |
0 |
8 |
|i Printed edition:
|z 9783319751597
|
| 776 |
0 |
8 |
|i Printed edition:
|z 9783319751610
|
| 830 |
|
0 |
|a Security and Cryptology ;
|v 10726
|
| 856 |
4 |
0 |
|u https://doi.org/10.1007/978-3-319-75160-3
|z Full Text via HEAL-Link
|
| 912 |
|
|
|a ZDB-2-SCS
|
| 912 |
|
|
|a ZDB-2-LNC
|
| 950 |
|
|
|a Computer Science (Springer-11645)
|